Romantic comedy: An essay on English romanticism / (Record no. 3987)
[ view plain ]
| 000 -LEADER | |
|---|---|
| fixed length control field | 00384cam a2200145ua 4500 |
| 041 ## - LANGUAGE CODE | |
| Language code of text/sound track or separate title | eng |
| 082 ## - DEWEY DECIMAL CLASSIFICATION NUMBER | |
| Classification number | 828.09 |
| Item number | JAM/RO |
| 100 ## - MAIN ENTRY--AUTHOR NAME | |
| Personal name | James , D G . |
| 245 ## - TITLE STATEMENT | |
| Title | Romantic comedy: An essay on English romanticism / |
| 260 ## - PUBLICATION, DISTRIBUTION, ETC. (IMPRINT) | |
| Place of publication | London : |
| Name of publisher | Oxford University Press , |
| Year of publication | 1963. |
| 300 ## - PHYSICAL DESCRIPTION | |
| Number of Pages | 275 ; . |
| 942 ## - ADDED ENTRY ELEMENTS (KOHA) | |
| Koha item type | Books |
| Withdrawn status | Lost status | Damaged status | Home library | Current library | Date acquired | Full call number | Accession Number | Koha item type |
|---|---|---|---|---|---|---|---|---|
| Withdrawn | KAUAET | KAUAET | 07/04/2012 | 828.09 | 6519 | Books |
